| 000 | 00392nam a2200181Ia 4500 | ||
|---|---|---|---|
| 003 | 0100 | ||
| 008 | 130303s9999 xx 000 0 und d | ||
| 040 | _cARRUPELIB | ||
| 050 | _aBC175.H3 1970 | ||
| 100 | _aHamblin, Charles Leornard | ||
| 245 | _afallacies | ||
| 260 | _aVirginia | ||
| 260 | _bVale press | ||
| 260 | _C1970 | ||
| 300 | _a347p. | ||
| 300 | _b 21cm | ||
| 942 |
_2lcc _03 |
||
| 999 |
_c63143 _d63143 |
||